Statistics for Famous Historical Figures: Conservatives

Click here to take the quiz!

General Stats

  • This quiz has been taken 98 times
  • The average score is 9 of 15

Answer Stats

HintAnswer% Correct
US president until 2021, wants to build a wallDonald Trump
99%
US president 1981-1989, said "tear down this wall"Ronald Reagan
98%
Invaded Iraq, father was also presidentGeorge W. Bush
93%
Known as the iron lady, privatized state-owned companiesMagaret Thatcher
91%
Major WWII figure, said "we will never surrender"Winston Churchill
88%
Caused the Red Scare, portrayed people as communists without evidenceJoseph Mccarthy
72%
Free French leader, said "France has lost a battle, france has not lost a war"Charles De Gaulle
70%
Predecessor to the below, signed the Munich agreementNeville Chamberlain
59%
Important figure in the unification of Germany, said to solve problems with "iron and blood"Otto von Bismarck
59%
German President during the golden age of Weimar, WWI heroPaul von Hindenburg
43%
Said "segregation now, segregation tomorrow, segregation forever.", stood in a doorway to stop Black studentsGeorge Wallace
41%
President of the CSAJefferson Davis
40%
Conservative political commentator, hosts program on Fox News, divorced in 2019Sean Hannity
34%
Homophobic president, leader of Law and JusticeAndrzej Duda
8%
Formed the 4th of August Regime, rejected Italian demandsIonnais Metaxa
4%

Score Distribution

Percentile by Number Answered

Percent of People with Each Score

Your Score History

You have not taken this quiz